000 01483nam a2200277 i 4500
001 153320
003 ES-MaACL
005 20230906205155.0
008 950908s1762 sz a |||| | lat d
040 _aCYL
_bspa
_cCYL
100 1 _aCovarrubias y Leyva, Diego de.
_941352
245 1 0 _aDidaci Covarrubias a Leiva... Opera omnia... [multis in locis á Cl. J.C. Cornelio Brederodio auctus, illustratus...] : Cum auctoris tractatu in tit. de Frigidis et Maleficiatis, septem quaestionibus distincto, quibus an Matrinonium cum hoc impedimento constare possit, accuraré explicatur /
_cAccesserunt de novo Joannis Uffelii... in Variarum Resolutionum libros notae uberiores.
250 _aIam post varias editiones correctiora, & cum veteribus ac melioris notae exemplaribus de novo collata, & ab innumeris mendis seriò repurgata.
260 _aGenevae :
_bsumptibus Fratrum de Tournes,
_c1762.
300 _a2 v. ([12], 772 p. ; [8], 825 p.) ;
_cFol.
594 _aTit. en antep.: "Didaci Covarruvias a Leiva, Opera omnia in duos tomos divisa"
596 _aMarca tip. en port.
597 _aSign.: [calderón]6, A-Z6, 2A-2Z6, 3A-3R6, 3S8 ; *4, A-Z4, 2A-2Z4, 3A-3Y6, 3Z5.
597 _aAntep.
597 _aPort. a dos tintas.
597 _aTexto a dos col.
599 _aGrab. xil. en p. 1 con marca tip.
700 1 _aUffel, Jean van.
_9133436
700 0 _aBrederodio, Cornelio.
_931549
852 _aES-MaACL
_jR-1541-42
_z-- Enc. perg.
_x-- Olim: G-2209-10
999 _c153320
_d153320